000 00432nmm a2200157Ia 4500
008 251105s9999||||xx |||||||||||||||||und||
041 _aspa
100 _aJaime, María Felicitas
245 0 _aCris & Cris
264 _a[Madrid, España] :
_bEditorial Egales,
_c2020
300 _a160 páginas
490 _aNarrativa
650 _aSpanish narrative
856 _uhttps://public.digitaliapublishing.com/a/136998
942 _cCF
999 _c100255
_d100255